| 000 | 00957nam a2200265 a 4500 | ||
|---|---|---|---|
| 001 | BRCA_5068 | ||
| 005 | 20190320204926.0 | ||
| 008 | 091110s1963----dk-a######---#000-0#eng-# | ||
| 041 | _aeng | ||
| 044 | _adk | ||
| 050 | 4 |
_aN6550 _b.M37 1963 |
|
| 245 | 1 | 0 |
_aMaster Works of Mexican Art _bfrom pre-columbian times to the present. |
| 260 |
_aDinamarca _bS. L. Moller´s Bogtrykkeri _cc1963 |
||
| 300 |
_axvii, 296 p. _bil. _c24 cm. |
||
| 500 | _aIncluye listas de abreviaturas utilizadas en el texto | ||
| 500 | _aCatálogo de la exposición realizada en Los Angeles County Museum of Art, octubre, 1963 - enero, 1964 | ||
| 500 | _aEstado físico: lomo deteriorado y roto de la parte superior | ||
| 500 | _aD157 | ||
| 504 | _aBibliografía: p. 292-296 | ||
| 650 | 1 | 4 |
_aArte mexicano _vExposiciones _912923 |
| 650 | 1 | 4 |
_aGalerías y museos _zEstados Unidos _97437 |
| 710 | 2 |
_aMuseum of Art (Los Angeles County) _912924 |
|
| 902 | _aGFM | ||
| 942 |
_2lcc _cB |
||
| 999 |
_c4762 _d4762 |
||